Detalles MARC
| 000 -CABECERA |
| Longitud fija campo de control |
01506nas a2200433 c 4500 |
| 001 - NÚMERO DE CONTROL |
| Número de control |
45892 |
| 003 - IDENTIFICADOR DE NÚMERO DE CONTROL |
| Identificador del número de control |
ES-MaCES |
| 005 - FECHA Y HORA DE LA ÚLTIMA TRANSACCIÓN |
| Fecha y hora de la última transacción |
20250409143314.0 |
| 006 - ELEMENTOS DE LONGIUTUD FIJA--CARACTERÍSTICAS ADICIONALES DE TIPO DE MATERIAL--INFORMACION GENERAL |
| Códigos de información de longitud fija - Características del material adicional |
amr|p|r|||| 00| || |
| 007 - PHYSICAL DESCRIPTION FIXED FIELD--GENERAL INFORMAT |
| Campo fijo de descripción física |
cr |n||||||||| |
| 008 - CAMPO FIJO DE DESCRIPCIÓN FIJA--INFORMACIÓN GENERAL |
| Códigos de información de longitud fija |
150519c2015 sp mr|||||||| 0|||b0spa d |
| 017 ## - NÚMERO DE REGISTRO DE DERECHOS DE AUTOR Y DEPÓSITO LEGAL |
| Número de copyright o de depósito legal |
M 2-2015 |
| 022 ## - ISSN (INTERNATIONAL STANDARD SERIAL NUMBER) |
| Número Internacional Normalizado para Publicaciones Seriadas |
2386-8090 |
| 040 ## - FUENTE DE CATALOGACIÓN |
| Centro catalogador de origen |
ES-MaCES |
| Lengua de catalogación |
spa |
| Centro transcriptor |
ES-MaCES |
| 041 0# - CÓDIGO DE IDIOMA |
| Código de lengua del texto;banda sonora o título independiente |
spa |
| 245 00 - MENCIÓN DE TÍTULO |
| Título |
Trabajo y derecho |
| Resto del título |
: nueva revista de actualidad y relaciones laborales |
| 260 ## - PUBLICACIÓN, DISTRIBUCIÓN, ETC (PIE DE IMPRENTA) |
| Lugar de publicación, distribución, etc. |
Las Rozas, Madrid |
| Nombre del editor, distribuidor, etc. |
Wolters Kluwer España |
| Fecha de publicación, distribución, etc. |
2015- |
| 300 ## - DESCRIPCIÓN FÍSICA |
| Extensión |
v. |
| Dimensiones |
30 cm |
| 310 ## - PERIODICIDAD ACTUAL DE LA PUBLICACIÓN |
| Periodicidad actual |
Mensual y 2 nos. monográficos al año |
| 362 0# - DATOS DE LA PUBLICACIÓN Y/O DESIGNACIÓN SECUENCIAL |
| Fecha de publicación y;o designación secuencial |
N. 1 (en. 2015)- |
| 530 ## - NOTA DE FORMATOS FÍSICOS ADICCIONALES DISPONIBLES |
| Nota de formato físico adicional disponible |
Disponible ed. electrónica |
| 541 ## - NOTA DE LA FUENTE INMEDIANTE DE ADQUISICIÓN |
| Forma de adquisición |
Compra |
| 650 #4 - ASIENTO SECUNDARIO DE MATERIA--TÉRMINO DE MATERIA |
| 9 (RLIN) |
27165 |
| Término de materia o nombre geográfico como elemento inicial |
derecho del trabajo |
| 650 #4 - ASIENTO SECUNDARIO DE MATERIA--TÉRMINO DE MATERIA |
| 9 (RLIN) |
27034 |
| Término de materia o nombre geográfico como elemento inicial |
seguridad social |
| 650 #4 - ASIENTO SECUNDARIO DE MATERIA--TÉRMINO DE MATERIA |
| 9 (RLIN) |
28299 |
| Término de materia o nombre geográfico como elemento inicial |
empleo |
| 650 #4 - ASIENTO SECUNDARIO DE MATERIA--TÉRMINO DE MATERIA |
| 9 (RLIN) |
28624 |
| Término de materia o nombre geográfico como elemento inicial |
jurisprudencia |
| 650 #4 - ASIENTO SECUNDARIO DE MATERIA--TÉRMINO DE MATERIA |
| 9 (RLIN) |
27166 |
| Término de materia o nombre geográfico como elemento inicial |
legislación del trabajo |
| 650 #4 - ASIENTO SECUNDARIO DE MATERIA--TÉRMINO DE MATERIA |
| 9 (RLIN) |
29855 |
| Término de materia o nombre geográfico como elemento inicial |
legislación de seguridad social |
| 650 #4 - ASIENTO SECUNDARIO DE MATERIA--TÉRMINO DE MATERIA |
| 9 (RLIN) |
28369 |
| Término de materia o nombre geográfico como elemento inicial |
relaciones laborales |
| 650 #4 - ASIENTO SECUNDARIO DE MATERIA--TÉRMINO DE MATERIA |
| 9 (RLIN) |
28377 |
| Término de materia o nombre geográfico como elemento inicial |
sindicato |
| 653 10 - TÉRMINO DE INDEXACIÓN--NO CONTROLADO |
| Término no controlado |
Relaciones laborales-Empleo |
| 780 04 - ENTRADA ANTERIOR |
| Título |
Actualidad laboral : publicación semanal técnico-jurídica del trabajo y de la Seguridad Social |
| Número de control del registro relacionado |
(ES-MaCES)25022 |
| 780 04 - ENTRADA ANTERIOR |
| Título |
Relaciones laborales : revista crítica de teoría y práctica |
| Número de control del registro relacionado |
(ES-MaCES)25210 |
| 856 4# - ACCESO ELECTRÓNICO |
| Identificador Uniforme del Recurso (URI) |
https://miespacio.aranzadilaley.es/Account/Login |
| Texto del enlace |
Legalteca |
| 866 #0 - FUENTES TEXTUALES--UNIDAD BIBLIOGRÁFICA BÁSICA |
| Holdings textuales |
2015-2020. |
| Nota pública |
Ubicación: DEPÓSITO - 55/1129 |
| 905 ## - CES. DATOS REVISTA |
| Formato |
P-OL |
| Kardex |
SÍ |
| Proceso |
A |
| 942 ## - ELEMENTOS KOHA |
| Fuente de clasificaión o esquema |
Clasificación propia del CES |
| Koha [por defecto] tipo de item |
Periódicas |
| Parte de clasificación |
Relaciones Laborales y Rel. Lab.- Empleo |